Hết quyền đối với nhãn hiệu trong pháp luật, thực tiễn quốc tế và Việt Nam (Sách chuyên khảo)
Xem xét và làm rõ một số vấn đề về hết quyền đối với nhãn hiệu trong thực tiễn quốc tế và Việt Nam. Đề xuất một số kiến nghị nhằm hoàn thiện pháp luật Việt Nam về hết quyền đối với nhãn hiệu...
Na minha lista:
| Autor principal: | |
|---|---|
| Formato: | Livro |
| Idioma: | Undetermined |
| Publicado em: |
Hà Nội
Chính trị Quốc gia
2012
|
| Assuntos: | |
| Tags: |
Adicionar Tag
Sem tags, seja o primeiro a adicionar uma tag!
|
| Thư viện lưu trữ: | Trung tâm Học liệu Trường Đại học Cần Thơ |
|---|
| LEADER | 01131nam a2200217Ia 4500 | ||
|---|---|---|---|
| 001 | CTU_177112 | ||
| 008 | 210402s9999 xx 000 0 und d | ||
| 020 | |c 82000 | ||
| 082 | |a 346.04 | ||
| 082 | |b Qu531 | ||
| 100 | |a Nguyễn, Như Quỳnh | ||
| 245 | 0 | |a Hết quyền đối với nhãn hiệu trong pháp luật, thực tiễn quốc tế và Việt Nam | |
| 245 | 0 | |b (Sách chuyên khảo) | |
| 245 | 0 | |c Nguyễn Như Quỳnh | |
| 260 | |a Hà Nội | ||
| 260 | |b Chính trị Quốc gia | ||
| 260 | |c 2012 | ||
| 520 | |a Xem xét và làm rõ một số vấn đề về hết quyền đối với nhãn hiệu trong thực tiễn quốc tế và Việt Nam. Đề xuất một số kiến nghị nhằm hoàn thiện pháp luật Việt Nam về hết quyền đối với nhãn hiệu | ||
| 650 | |a Trademarks,Intellectual property,Trademark infringement,Quản trị thương hiệu,Quyền sở hữu trí tuệ | ||
| 910 | |a Nguyên | ||
| 980 | |a Trung tâm Học liệu Trường Đại học Cần Thơ | ||